00521nam a2200193 a 4500001001300000003000900013005001700022008004100039020000900080082002200089100001800111245004600129260003200175300000900207500003500216505003100251650002700282700001800309nice12345678IN_TiNIC20260116012525.0050524s1970 meea grp 000 0 eng  ac4000a323.39710954bHAQ aHaq, Mushir U aMuslim Politics in Modern India 1857-1947 aMeerutbMeenakshi Pubc1970 a171p aincludes index and biblioraphy2 aGloss, Bibliography, Index aMuslims-India-Politics1 aHaq, Mushir U